Hoá học các hợp chất thiên nhiên Tập 1

Nội dung trình bày khái quát mối quan hệ phát sinh sinh vật của các hợp chất thiên nhiên, Carbohydrat, Lipid và eicosanoid, Polyketid, Terpenoid, Steroid, Phenylpropanoid, Flavonoid, Amino acid, peptid và protein, Amin có nguồn gốc sinh vật và alkaloid, Nucleosid, nucl...

תיאור מלא

שמור ב:
מידע ביבליוגרפי
מחבר ראשי: Phan Tống Sơn
מחברים אחרים: Phan Minh Giang
פורמט: ספר
שפה:Vietnamese
יצא לאור: H. Khoa học và Kỹ thuật 2016
נושאים:
תגים: הוספת תג
אין תגיות, היה/י הראשונ/ה לתייג את הרשומה!
Thư viện lưu trữ: Thư viện Trường Đại học Nam Cần Thơ
LEADER 01769aam a22002418a 4500
001 NCT_139763
008 130319s2013 ||||||viesd
999 |c 7202  |d 7202 
020 |c 286000  |a 9786046706694 
082 0 4 |2 23rd ed.  |a 547  |b S646 
100 1 |a Phan Tống Sơn 
245 1 0 |a Hoá học các hợp chất thiên nhiên  |n Tập 1  |c Phan Tống Sơn, Phan Minh Giang 
260 |a H.  |b Khoa học và Kỹ thuật  |c 2016 
300 |a 415 tr.  |b Minh họa  |c 27cm 
520 3 |a Nội dung trình bày khái quát mối quan hệ phát sinh sinh vật của các hợp chất thiên nhiên, Carbohydrat, Lipid và eicosanoid, Polyketid, Terpenoid, Steroid, Phenylpropanoid, Flavonoid, Amino acid, peptid và protein, Amin có nguồn gốc sinh vật và alkaloid, Nucleosid, nucleotid và acid nucleic, Vitamin, các chất kháng sinh, Hợp chất thiên nhiên biển, sự chuyển hóa thứ cấp và sinh thái học. 
653 |a Công nghệ kỹ thuật hóa học 
700 1 |a Phan Minh Giang 
942 |2 ddc  |c BK 
952 |0 0  |1 0  |2 ddc  |4 0  |6 547_000000000000000_S646  |7 0  |9 25884  |a 000001  |b 000001  |d 2022-07-26  |o 547 S646  |p MD.20423  |r 2022-07-26  |v 286000.00  |w 2022-07-26  |y BK 
952 |0 0  |1 0  |2 ddc  |4 0  |6 547_000000000000000_S646  |7 0  |9 25885  |a 000001  |b 000001  |d 2022-07-26  |o 547 S646  |p MD.20424  |r 2022-07-26  |v 286000.00  |w 2022-07-26  |y BK 
952 |0 0  |1 0  |2 ddc  |4 0  |6 547_000000000000000_S646  |7 0  |9 25886  |a 000001  |b 000001  |d 2022-07-26  |o 547 S646  |p MD.20425  |r 2022-07-26  |v 286000.00  |w 2022-07-26  |y BK 
952 |0 0  |1 0  |2 ddc  |4 0  |6 547_000000000000000_S646  |7 0  |9 25887  |a 000001  |b 000001  |d 2022-07-26  |o 547 S646  |p MD.20426  |r 2022-07-26  |v 286000.00  |w 2022-07-26  |y BK 
980 |a Thư viện Trường Đại học Nam Cần Thơ